| 000 | 00545nam a22001697a 4500 | ||
|---|---|---|---|
| 008 | 160930b xxu||||| |||| 00| 0 eng d | ||
| 020 | _a9780691141503 | ||
| 020 | _a00284806402 | ||
| 050 |
_aNA 2520 _b.P7513 2009 |
||
| 100 | _aPrina, Francesca | ||
| 245 |
_aArchitecture : _belements, material, form |
||
| 260 |
_aNew Jersey : _bPrinceton University Press, _c2009. |
||
| 300 |
_a384p. : _bill. ; _c21cm. |
||
| 500 | _aIncludes bibliography and index. | ||
| 650 | _aArchitecture. | ||
| 942 |
_2lcc _cBOOKS _hNA 2520 .P7513 2009 |
||
| 999 |
_c14420 _d14420 |
||